000 00686nam a2200241Ia 4500
003 OSt
005 20220918180140.0
006 a|||||r|||| 00| 0
007 ta
008 220917b |||||||| |||| 00| 0 eng d
024 _a20,857
037 _cTextual
040 _aARTS
_cARTS
_beng
041 _2eng
_aeng
082 _aO:3M12:23, E8 (-)
100 _aDickens Charles
_911511
245 0 _aPersonal history and experience of David Copperfield ed for school by H AQ Treble
260 _c1918
490 _aEnglish literature series; 24
650 _aENGLISH LITERATURE
942 _hO:3M12:23, E8 (-)
_cTEXL
_2CC
999 _c160491
_d160491